Konkurencieschopnosť Slovenska v medzinárodnom obchodnom a platobnom styku v globálnom inovačnom procese habilitačná práca
Gespeichert in:
| 1. Verfasser: | |
|---|---|
| Körperschaft: | |
| Format: | Buch |
| Sprache: | Slowakisch |
| Veröffentlicht: |
Košice
2002
|
| Schlagworte: | |
| Tags: |
Keine Tags, Fügen Sie das erste Tag hinzu!
|
MARC
| LEADER | 00000nam$a2200000$$$4500 | ||
|---|---|---|---|
| 001 | 0040483 | ||
| 005 | 20240104092258.7 | ||
| 041 | 0 | |a slo | |
| 044 | |a SK | ||
| 245 | 1 | 0 | |a Konkurencieschopnosť Slovenska v medzinárodnom obchodnom a platobnom styku v globálnom inovačnom procese |b habilitačná práca |c Renáta Vokorokosová |
| 264 | 1 | |a Košice |c 2002 | |
| 300 | |a 99 s. | ||
| 610 | 2 | 0 | |a obchod medzinárodný |
| 610 | 2 | 0 | |a styk platobný |
| 610 | 2 | 0 | |a bilancia ekonomická |
| 610 | 2 | 0 | |a eurozóna |
| 610 | 2 | 0 | |a konkurencieschopnosť |
| 610 | 2 | 0 | |a Slovensko |
| 100 | 1 | |a Vokorokosová, Renáta, 1967- | |
| 710 | 2 | |a Ekonomická univerzita v Bratislave. Podnikovohospodárska fakulta so sídlom v Košiciach | |